Podsumowanie roku 2023 - miesiące - Statystyki

Ogólne statystyki
  • Ten quiz został rozwiązany 29 razy
  • Średni wynik to 11 z 21
Statystyki odpowiedzi
Wydarzenie Miesiąc % Poprawnych
Strzelanina w serbskiej szkole, w wyniku której zginęło 8 osób maj
77%
Pogrzeb Papieża Seniora Benedykta XVI styczeń
77%
Strzelanina w Pradze, w skutek której zginęło 14 osób grudzień
69%
Koronacja Karola III na króla Zjednoczonego Królestwa Wielkiej Brytanii i Irlandii Północnej maj
69%
Wydanie przez Międzynarodowy Trybunał Karny nakazu aresztowania prezydenta Rosji marzec
69%
Implozja łodzi podwodnej, w wynik której zginęło 5 osób chcących dotrzeć do wraku Titanica czerwiec
65%
Wstąpienie Finlandii do NATO kwiecień
58%
Zestrzelenie chińskich balonów nad terytorium USA luty
58%
Ogłoszenie przez WHO końca globalnego zagrożenia zdrowia związanego z COVID-19 maj
58%
Wybuch kolejnego konfliktu pomiędzy Izraelem i Palestyną październik
58%
Trzęsienie ziemi w Turcji i Syrii o magnitudzie 7,8, powodująca się śmierć 59 tys. osób luty
54%
Światowe Dni Młodzieży w Lizbonie sierpień
54%
Wizyta Joe Bidena na Ukrainie luty
50%
Prawdopodobna śmierć przewódcy Grupy Wagnera w katastrofie lotniczej sierpień
50%
Bunt armii Prigożyna i przerwany marsz na Moskwę czerwiec
46%
Wysadzenie przez Rosjan Kachowskiej Elektrowni Wodnej czerwiec
42%
Zamach stanu w Nigrze lipiec
42%
Spotkanie przewódców Stanów Zjednoczonych i Chiny listopad
38%
Rozwiązanie Górskiego Karabachu w wyniku ofensywy Azerbejdżanu wrzesień
38%
Początek zamieszek we Francji po zastrzeleniu 17-letka pochodzenia algierskiego czerwiec
31%
Wybuch wojny domowej w Sudanie kwiecień
19%
Nie znaleziono quizów pasujących do podanych kryteriów
Rozkład punktacji
Procent ludzi z każdym wynikiem
Percentyl według liczby udzielonych odpowiedzi
Twoja historia wyników
Nie rozwiązałeś tego quizu